| 000 | 01572nam a22005410a 4500 | ||
|---|---|---|---|
| 001 | PT61137 | ||
| 003 | AR-LpoUNG | ||
| 005 | 20260120160040.0 | ||
| 008 | 201001s2019||||ag |||||||||||||||||spa d | ||
| 020 |
_a9789876304085 _c$29 |
||
| 040 |
_aAR-LpoUNG _bspa _eaacr |
||
| 041 | _aspa | ||
| 044 | _aag | ||
| 082 | 0 | _a982.065 979psa | |
| 100 | 1 |
_aLuzzi, Mariana _ecoor. |
|
| 245 | 1 | 0 |
_aProblemas socioeconómicos de la Argentina contemporánea : _bdesde 1976 hasta la actualidad |
| 250 | _a1ra. ed. | ||
| 260 |
_aLos Polvorines : _bUniversidad Nacional de General Sarmiento, _c2019. |
||
| 300 |
_a498 p. : _bil., gráfs., tbls. |
||
| 490 | 0 |
_aTextos básicos ; _vno. 29 |
|
| 650 | 4 | _aANALISIS HISTORICO | |
| 650 | 4 | _aARGENTINA | |
| 650 | 4 | _aCAMBIO SOCIAL | |
| 650 | 4 | _aDEMOCRACIA | |
| 650 | 4 | _aDESIGUALDAD ECONOMICA | |
| 650 | 4 | _aDESIGUALDAD SOCIAL | |
| 650 | 4 | _aDICTADURA | |
| 650 | 4 | _aECONOMIA | |
| 650 | 4 | _aESTRUCTURA SOCIAL | |
| 650 | 4 | _aFUERZAS ARMADAS | |
| 650 | 4 | _aGLOBALIZACION | |
| 650 | 4 | _aHISTORIA ECONOMICA | |
| 650 | 4 | _aHISTORIA POLITICA | |
| 650 | 4 | _aHISTORIA SOCIAL | |
| 650 | 4 | _aMERCADO DE TRABAJO | |
| 650 | 4 | _aPARTICIPACION SOCIAL | |
| 650 | 4 | _aPARTIDOS POLITICOS | |
| 650 | 4 | _aPOLITICA | |
| 650 | 4 | _aRECESION ECONOMICA | |
| 650 | 4 | _aSOCIEDAD | |
| 653 | 0 | _aNEOLIBERALISMO | |
| 653 | 0 | _aPOST-CONVERTIBILIDAD | |
| 653 | 0 | _aPSEC | |
| 710 | 2 | _aUniversidad Nacional de General Sarmiento | |
| 856 |
_uhttps://repositorio.ungs.edu.ar/handle/UNGS/789 _yTexto completo |
||
| 905 | _a61137 | ||
| 942 |
_cLIB _2ddc |
||
| 999 |
_c51650 _d51650 |
||